Salud y Crisis en México: Textos Para un Debate /

Sparad:
Bibliografiska uppgifter
Huvudupphov: Almada Bay, Ignacio (coord.)
Materialtyp: Bok
Språk:spanska
Utgiven: México : Siglo XXI : UNAM, 1990
Serie:(Biblioteca México. Actualidad y Perspectivas)
Ämnen:
Taggar: Lägg till en tagg
Inga taggar, Lägg till första taggen!

MARC

LEADER 00000nam^a2200000^a^4500
001 000021123
005 20250620000000.0
009 20260310084405.788
020 |a 968-23-1555-7 
037 |a Acervo ITESO - Biblioteca 
041 |a ESP 
082 |a 344. 04  |b ALM 
100 |a Almada Bay, Ignacio  |e (coord.) 
245 1 0 |a Salud y Crisis en México: Textos Para un Debate /  |c I. Almada Bay (coord.). 
264 1 |a México :  |b Siglo XXI :  |b UNAM,  |c 1990 
300 |a 393 p. 
336 |a texto  |b txt  |2 rdacontenido 
337 |a sin mediación  |b n  |2 rdamedio 
338 |a volumen  |b nc  |2 rdasoporte 
440 1 |a (Biblioteca México.  |p Actualidad y Perspectivas) 
649 |a XX 
650 |a Derecho Social -  |z México 
650 |a Derecho a la Salud -  |z México 
650 |a Sociología 
650 |a Salud Pública -  |z México 
910 |a Fondo General 
920 |a Impresos - Libros 
930 |a Colección General 
905 |a 101 
901 |a 0500240862  |b IT1  |c ACC  |d DT  |i D66925  |u 20250620 
902 |a https://opac.biblio.iteso.mx/vufind/Record/000021123